000 00441nam a2200121Ia 4500
008 160712s9999 xx 000 0 und d
100 _aZarco, Timothy H.
245 _cTimothy H. Zarco
_aEffects of Online Review Valence on Consumer Attitudes and Behavioral Intentions
260 _c2015
_bPhilippine Management Review
300 _avol. 22
650 _xMANAGEMENT
856 _uhttp://journals.upd.edu.ph/index.php/pmr/issue/view/476/showToc
999 _c297088
_d297088